000
00278nam a22001337a 4500
008
231124b ||||| |||| 00| 0 eng d
041
_a
eng
080
_a
101
082
_a
101MAC
100
_a
44
101
_a
FILOZ
245
_a
AFTER VIRTUE
_c
MACINTYRE.A
942
_2
udc
_c
BK
999
_c
60502
_d
60502